| 000 | 00758nac a22002171u 4500 | ||
|---|---|---|---|
| 010 | _a 2005042979 | ||
| 020 | _a0131860151 | ||
| 020 | _a8129702444 | ||
| 082 | 0 | 0 |
_a338.5 _bKEA |
| 090 | _c331 | ||
| 100 | _aKeat, Paul G. | ||
| 245 | 1 | 0 |
_aManagerial economics : _beconomic tools for today's decision makers / _cPaul G. Keat, Philip K.Y. Young. |
| 250 | _a4th ed. | ||
| 260 |
_aUpper Saddle River, NJ : _bPearson Education,2003 _c2003. |
||
| 300 |
_a787p.: _bill.; _c24 cm. |
||
| 500 | _aIncludes index | ||
| 650 | 0 | _aManagerial economics. | |
| 700 | 1 | _aYoung, Philip K. Y. | |
| 942 |
_cBB _k338.5024KEA |
||
| 999 |
_c331 _d331 |
||